Psüjesiatreion / (Record no. 89197)

MARC details
000 -LEADER
campo de control de longitud fija 00431nam a2200157 i 4500
001 - NÚMERO DE CONTROL
campo de control 89197
003 - IDENTIFICADOR DE NÚMERO DE CONTROL
campo de control ES-MaACL
005 - FECHA Y HORA DE LA ÚLTIMA TRANSACCIÓN
campo de control 20230906180117.0
007 - CAMPO FIJO DE DESCRIPCIÓN FÍSICA--INFORMACIÓN GENERAL
campo de control de longitud fija t|
008 - DATOS DE LONGITUD FIJA--INFORMACIÓN GENERAL
campo de control de longitud fija 050105s1925 sp ||||1| spa d
100 1# - ENTRADA PRINCIPAL--NOMBRE DE PERSONA
Nombre de persona Larrañaga Conget, Pedro.
9 (RLIN) 70313
245 10 - MENCIÓN DEL TÍTULO
Título Psüjesiatreion /
Mención de responsabilidad, etc. P[edro] L[arrañaga] Conget.
260 ## - PUBLICACIÓN, DISTRIBUCIÓN, ETC.
Lugar de publicación, distribución, etc. [Vergara :
Nombre del editor, distribuidor, etc. Santísimo Rosario,
Fecha de publicación, distribución, etc. 1925]
300 ## - DESCRIPCIÓN FÍSICA
Extensión 30 p. ;
Dimensiones 13 cm.
852 ## - LOCALIZACIÓN
Ubicación ES-MaACL
Número de control de estantería 1690-F-11
Holdings
Estatus retirado Estado de pérdida Estado de daño No para préstamo Colección Biblioteca de origen Biblioteca actual Ubicación en estantería Fecha de adquisición Fuente de adquisición Total de préstamos Signatura topográfica completa Código de barras Visto por última vez Precio de reemplazo Tipo de ítem Koha
        Colección de folletos Biblioteca del Ateneo de Madrid Biblioteca del Ateneo de Madrid Depósito folletos 17/01/2008     1690-F-11 1093156 23/02/2023 23/02/2023 Folleto